Skiagrafia Sacrae theologiae : secvndvm treis methodi formas, synthesin, analysin et definitionem delineata, et excitandae iuuandae que ala critatis ma fil.mabeas ergo, proposita lacrarum /

Hlavní autor: Grynaeus, Johann Jakob, 1540-1617
Jazyk: Latina
Vydáno: Basileae : [s.n.], 1577
Témata:
Externí odkaz: Digitalizovaný dokument
Fyzický popis: A4-e4 [= 19] listů, [1] příl. ; 4°
Knihy
Uloženo v:
LEADER 03810nam a2200541 a 4500
001 mzk03001176287
003 CZ BrMZK
005 20260516202942.0
007 ta
008 090820s1577 sz ||||f||||||||||||lat|d
040 |a BOE950  |b cze 
072 7 |a 2-1  |x Přirozená teologie. Náboženská filozofie  |2 Konspekt  |9 5 
072 7 |a 094  |x Staré tisky  |2 Konspekt  |9 12 
080 |a 025.171  |2 MRF 
080 |a 2-1  |2 MRF 
080 |a (0.068)094  |2 MRF 
100 1 |a Grynaeus, Johann Jakob,  |d 1540-1617  |7 mzk2008473328  |4 aut 
245 1 0 |a Skiagrafia Sacrae theologiae :  |b secvndvm treis methodi formas, synthesin, analysin et definitionem delineata, et excitandae iuuandae que ala critatis ma fil.mabeas ergo, proposita lacrarum /  |c Literarum Studiosis in amplissimae Basiliensis Reipub. Theologico Gymnasiu á Iohanne Iacobo Grynaeo, Ordinario S. Theologiae Professore 
260 |a Basileae :  |b [s.n.],  |c 1577 
300 |a A4-e4 [= 19] listů, [1] příl. ;  |c 4° 
500 |a Výzdoba: Na příloze tabulka 
501 |a Obsahuje: Přívazek 1, Disputatio De Iustificatione hominis ... / Jakob Hettler. -- Přívazek 2, Disputatio de dicto D. Pavli coloss ... / Jakob Andreas. -- Přívazek 3, Dispvtatio de Ivstificatione .. / Teodorich Snepfius. -- Přívazek 4, Disputatio de praedesti natione ... / Jakob Andreas. -- Přívazek 5, Oratio funebris de illvstrissimo ... / Jakob Furman. -- Přívazek 6, XVI. Selectiores vereque ... / Cyriacus Snegassius. -- Přívazek 7, Dispvtatio Prima Contra Caluinistas ... / Johannes Terellius. -- Přívazek 8, Disputatio Tertia conta Calvinistat ... / Andreas Schfmann. -- přívazek 9, Demonstartio fallaciarum JOhannis Calvini ... /Samuel Huberus. -- Přívazek 10, Refutatio errorvm absvrditatvm ... / Georgius Fleckius 
510 4 |a Dokoupil, V. Soupisy tisků 16. století z fondů Universitní knihovny v Brně, sv. 2 Tisky ... v Rajhradě;  |c 479 
561 |a Provenience: [exlibris] Gregorius Lambek Abbas Lucensis Visitator, et hungariae vicarius generalis 
563 |a Dřevěné desky potažené bílou kůží s ornamentálním slepotiskem, červená ořízka, dvě měděné spony 
650 7 |a historické knihovní fondy  |7 ph172933  |2 czenas 
650 7 |a teologie  |7 ph116425  |2 czenas 
655 7 |a staré tisky  |7 fd422076  |2 czenas 
856 4 1 |u https://imageserver.mzk.cz/mzk03/001/176/287/328100200886.titul  |y Digitalizovaný dokument 
903 |a RP 
910 |e BOE950  |c R - A. I. d. 29 
978 |b S.n.  |a Smalkalden  |c 1593 
984 |a Basilej  |b Švýcarsko 
985 |a 1551-1600 
990 |a BK 
996 |e BOE950  |c R - A. I. d. 29 
991 |k rajhrad 
980 |c 200886  |g R - A. I. d. 29  |d 20090820  |t 5  |j ?  |1 328100200886  |n J  |z PA  |v V  |p inv. č. 3194 
994 |a DN  |l MZK03  |b 001179824  |m záznam 1. díla (pro objednání pokračujte kliknutím)  |n přívazek 1 
994 |a DN  |l MZK03  |b 001179825  |m záznam 1. díla (pro objednání pokračujte kliknutím)  |n přívazek 2 
994 |a DN  |l MZK03  |b 001179826  |m záznam 1. díla (pro objednání pokračujte kliknutím)  |n přívazek 3 
994 |a DN  |l MZK03  |b 001179827  |m záznam 1. díla (pro objednání pokračujte kliknutím)  |n přívazek 4 
994 |a DN  |l MZK03  |b 001179828  |m záznam 1. díla (pro objednání pokračujte kliknutím)  |n přívazek 5 
994 |a DN  |l MZK03  |b 001179829  |m záznam 1. díla (pro objednání pokračujte kliknutím)  |n přívazek 6 
994 |a DN  |l MZK03  |b 001179830  |m záznam 1. díla (pro objednání pokračujte kliknutím)  |n přívazek 7 
994 |a DN  |l MZK03  |b 001179831  |m záznam 1. díla (pro objednání pokračujte kliknutím)  |n přívazek 8 
994 |a DN  |l MZK03  |b 001179832  |m záznam 1. díla (pro objednání pokračujte kliknutím)  |n přívazek 9 
994 |a DN  |l MZK03  |b 001179833  |m záznam 1. díla (pro objednání pokračujte kliknutím)  |n přívazek 10